000 00774nam a2200277Ia 4500
003 OSt
005 20221006153301.0
006 a|||||r|||| 00| 0
007 ta
008 221006b |||||||| |||| 00| 0 kor d
020 _cW 18,000
024 _a31,872
037 _bGift, Korea Foundation
_cTextual
040 _aEASL
_cEASL
_bkor
041 _2kor
_akor
082 _aQ8412.495, P3
100 _aCHOE Yeong-Jin Au.
_9663277
245 0 _aYukyosasang-ui bonjilgwa hyeonjae seong
260 _aSeoul
_bSunkyungkwan Korea
_c2003
300 _a269p.
_ccm.
490 _v KL
650 _a KL
650 _aConfusianism
_9663278
942 _hQ8412.495, P3
_cTEXL
_2CC
999 _c1099958
_d1099958